000 00295nam a22001337a 4500
008 181107b xxu||||| |||| 00| 0 eng d
020 _a0442208278
041 _aeng
080 _a101
100 _a23
101 _aFIL
245 _aIntroduction To Philosphy
_cBlocker.H
942 _2udc
_cBK
999 _c52197
_d52197